000 00446nam a2200181Ia 4500
001 14694
005 20260306164933.0
008 260306t2011||||xx |||||||||||||| ||spa||
041 _aESP
082 _a515.63
_bZ945
100 _aZill G. Dennis
_eAUT
245 0 _aMatemáticas 3:
_bcálculo de varias variables
260 _c2011
300 _avarias paginaciones :
_c27 cm.
650 _aGEN
654 _aCMA
942 _cLIB
_dJUS
_fJUS
_2ddc
_n
999 _c14694
_d14694